Principios de la administración científica (Record no. 1134)
[ view plain ]
| 000 -LEADER | |
|---|---|
| campo de control de longitud fija | 00903nam a22002657a 4500 |
| 001 - NÚMERO DE CONTROL | |
| campo de control | 003568 |
| 003 - IDENTIFICADOR DE NÚMERO DE CONTROL | |
| campo de control | CoMeUDC003568 |
| 005 - FECHA Y HORA DE LA ÚLTIMA TRANSACCIÓN | |
| campo de control | 20250901194522.0 |
| 008 - DATOS DE LONGITUD FIJA--INFORMACIÓN GENERAL | |
| campo de control de longitud fija | 130821s1961 mx gr spa |
| 040 ## - FUENTE DE CATALOGACIÓN | |
| Centro catalogador/agencia de origen | Co-BoUCM |
| Lengua de catalogación | spa |
| Centro/agencia transcriptor | CoMeUDC |
| 041 00 - CÓDIGO DE IDIOMA | |
| Código de lengua del texto/banda sonora o título independiente | spa |
| 082 04 - NÚMERO DE LA CLASIFICACIÓN DECIMAL DEWEY | |
| Número de clasificación | 658 |
| Información de edición | 20 |
| 100 1# - ENTRADA PRINCIPAL--NOMBRE DE PERSONA | |
| Nombre de persona | Taylor, Frederick Winslow |
| Fechas asociadas al nombre | 1856-1915 |
| 245 10 - MENCIÓN DEL TÍTULO | |
| Título | Principios de la administración científica |
| Mención de responsabilidad, etc. | Frederick Winslow Taylor; Henry Fayol |
| 260 ## - PUBLICACIÓN, DISTRIBUCIÓN, ETC. | |
| Lugar de publicación, distribución, etc. | México D.F. (México) |
| Nombre del editor, distribuidor, etc. | Herrero Hermanos |
| Fecha de publicación, distribución, etc. | 1961 |
| 300 ## - DESCRIPCIÓN FÍSICA | |
| Extensión | 274 páginas |
| 501 ## - NOTA DE CON | |
| Nota de "Con" | Administración industrial y general |
| 650 04 - PUNTO DE ACCESO ADICIONAL DE MATERIA--TÉRMINO DE MATERIA | |
| Término de materia o nombre geográfico como elemento de entrada | Administración de empresas |
| 9 (RLIN) | 435 |
| 650 04 - PUNTO DE ACCESO ADICIONAL DE MATERIA--TÉRMINO DE MATERIA | |
| Término de materia o nombre geográfico como elemento de entrada | Administración industrial |
| 9 (RLIN) | 8602 |
| 650 04 - PUNTO DE ACCESO ADICIONAL DE MATERIA--TÉRMINO DE MATERIA | |
| Término de materia o nombre geográfico como elemento de entrada | Administración |
| Subdivisión general | Enseñanza |
| 9 (RLIN) | 7252 |
| 700 1# - ENTRADA AGREGADA--NOMBRE PERSONAL | |
| Nombre de persona | Fayol, Henry |
| Fechas asociadas al nombre | 1841-1925 |
| 765 ## - ENLACE A LA LENGUA/LENGUAJE ORIGINAL | |
| Título | Administration industrielle et generale |
| 765 ## - ENLACE A LA LENGUA/LENGUAJE ORIGINAL | |
| Título | The principles of scientific management |
| 942 ## - ELEMENTOS DE ENTRADA SECUNDARIOS (KOHA) | |
| Tipo de ítem Koha | Libros |
| Código de la institución [OBSOLETO] | 16 |
| Edición | 1 |
| Sufijo de la signatura | T19p |
| Fuente del sistema de clasificación o colocación | Clasificación Decimal Dewey |
| Parte de la signatura que corresponde a la clasificación (Parte de la clasificación) | 658 |
No items available.
